| 000 | 02084nam a2200325 i 4500 | ||
|---|---|---|---|
| 003 | DO-SdBNP | ||
| 005 | 20231122140301.0 | ||
| 007 | ta | ||
| 008 | 130408s2011 dr c 001 0 spa d | ||
| 040 |
_aDO-SdBNP _bspa _cBNPHU _erda |
||
| 082 |
_222 _bG934 |
||
| 100 |
_aGuerrero Castro, Francisco, _d1964- _953993 |
||
| 245 | 1 | 0 |
_aOrigen, desarrollo e identidad de Salvaleón de Higüey / _cFrancisco Guerrero Castro ; prólogo Gregorio Nicanor Peña Rodríguez |
| 264 | 1 |
_aSanto Domingo : _bNacional, _c2011. |
|
| 300 |
_a904 páginas _bretratos _c23 cm. |
||
| 336 |
_2rdacontent _atexto _btxt |
||
| 337 |
_2rdamedia _asin mediación _bn |
||
| 338 |
_2rdacarrier _avolumen _bnc |
||
| 490 | 1 | _aProvincias | |
| 500 | _aIncluye datos biografícos del autor en la solapa de la portada. | ||
| 500 | _aÍndice onomástico presente. | ||
| 500 | _aIncluye fotos del ayer. | ||
| 500 | _aIncluye notas a pie de páginas. | ||
| 504 | _aBibliografía p: 805-829 | ||
| 520 | _aEsta obra provee dos elementos inductores de satisfacción: por una parte el interesante contenido, tanto por su estructura como por la forma en que está redactada, amén del constante apoyo a la exposición de los conceptos con citas y fotos. La obra exhibe una bibliografía amplia y diferenciada al pie de página y un acápite con las obras consultadas durante toda la investigación. Tras una introducción explicativa, el autor realiza un sucinto repaso -desde sus orígenes hasta el siglo XXI- de la villa de Salvaleón de Higüey, desarrollando temas relevantes, novedosos por demás: los relativos a la preservación de la memoria histórica higüeyana y, principalmente, sobre Nuestra Señora de La Altagracia. La grandeza de la obra reside en la amplitud, responsabilidad y variedad de posibilidades gracias a la ardua labor de escritura desplegada, con la que logra su cometido de insertarnos en le origen, desarrollo e identidad de Higüey. | ||
| 590 | _aInventariado, 2023/ YL | ||
| 700 | 1 |
_aPeña Rodríguez, Gregorio Nicanor _eprólogo _984662 |
|
| 910 | _aYLockward | ||
| 942 |
_2ddc _cLBS1 |
||
| 999 |
_c55562 _d55562 |
||